000 01649cam a22004814i 4500
003 PE-LiUPU
005 20250731173509.0
008 150616s1993 miu rb 000 0 eng d
020 _a0802825230
035 _a(Sirsi) i9780802825230
040 _aPE-LiUPU
_bspa
_cPE-LiUPU
_erda
049 _aPRUA
082 0 4 _a221.07
_bNICOT
_221
100 1 _aAshley, Timothy R.,
_eautor.
245 1 4 _aThe Book of Numbers /
_cTimothy R. Ashley.
264 1 _aGrand Rapids, Michigan :
_bWilliam B. Eerdmans Publishing Co.,
_c1993.
300 _a667 páginas ;
_c24 centímetros.
336 _atext
_2rdacontent
337 _aunmediated
_2rdamedia
338 _avolume
_2rdacarrier
490 0 _aThe New International Commentary on the Old Testament
504 _aBibliografía al pie de páginas.
505 0 _aComentarios sobre el libro de Números Números.
526 _aSEG42
526 _aSEG41
526 _aSEG40
526 _aSEG39
526 _aP94
526 _aP87
526 _aP86
526 _aP85
526 _aP77
526 _aP76
526 _aP35
630 _aBiblia.
_pA.T.
_pNúmeros
_xComentarios.
910 _ajck
_bjvq
_cjck
942 _2ddc
_cBOOK
949 _a221.07 NICOT 4
_wDEWEY
_c1
_i40646
_lCCODEBUL1
_mBUL
_r0
_sY
_tBOOK
_u2015-6-16
_xTEOLOGIA
_zUNKNOWN
_0COMPRA
_o.STAFF. Colección General
994 _aC0
_bPEPRU
596 _a1
999 _a221.07 NICOT 4
_wDEWEY
_c58435
_i40646
_d58435
_e2019-5-27
_f2021-11-9
_g5
_lCCODEBUL1
_mBUL
_n2
_p34.78
_q7
_r0
_sY
_tBOOK
_u2015-6-16
_xTEOLOGIA
_PP35
_0COMPRA
_o.STAFF. Colección Teología
980 _81
_gALBERTO SANCHEZ Responsable de Automatización